000 01152nam a2200313 i 4500
003 EG-GICUC
005 20260226141757.0
008 251217s1992 ua ||||fr|||| 00| 0 ara d
017 _a1992/7771
040 _a EG-GICUC
_bara
_c EG-GICUC
_d EG-GICUC
_erda
041 0 _aara
082 0 4 _221
_a343.46
_bه ش . ق
092 0 4 _221
099 _aLaw1 10 343.46 ه ش . ق 1992
100 0 _aهشام محمد فريد رستم
_eمؤلف.
245 1 0 _aقانون العقوبات ومخاطر تقنية المعلومات /
_cدكتور هشام محمد فريد رستم
264 1 _aأسيوط :
_bالناشر مكتبة الآلات الحديثة،
_c1992.
300 _a422 صفحة؛
_c24 سم.
336 _2rda content
_atext
337 _2rda media
_aComputer
338 _2rda carrier
_aOnline Resource
504 _a. 395-413ببليوجرافيا: صفحات.
546 _aالنص باللغة العربية
650 4 _aالتشريع الخاص بالمرور
650 4 _aالقانون الجنائي
856 4 0 _uhttps://fll.law.cu.edu.eg/fulltext/bks/B10-6649.pdf
905 _a77
942 _2ddc
_cBK
_e21
_n0
999 _c51425
_d51425